00546nam a2200181 i 4500003000900000005001700009007000300026008004100029040003000070082002600100245003800126264003600164300004100200336002700241337003300268338002800301710003500329DO-SdBNP20230905140524.0ta110407s1981 dr o r 000 0 spa d aDO-SdBNPbspacBNPHUerda axxxxbL697a, 198122200aLibro del año 1981 :bBabeque / 1aSanto Domingo :bTaller,c1981. a98 páginasbfotografías c27 cm. 2rdacontentatextobtxt 2rdamediaasin mediaciónbn 2rdacarrieravolumenbnc2 aBabeque (Republica Dominicana)